000 00373nam a2200145Ia 4500
005 20250729165803.0
008 250729s2018 xx 000 0 und d
041 _aeng
082 _a370.25 ADAI
100 _aDr.Adam Paul Patteri
_9232995
245 _aInclusive Education
260 _aNew Delhi
_bA P H PUBLISHING
_c2018
300 _a187p
650 _aEducation
_9232996
999 _c240060
_d240060